| 000 | 00375nam a22001457a 4500 | ||
|---|---|---|---|
| 003 | NUST - PNEC | ||
| 005 | 20170116181100.0 | ||
| 008 | 151002b xxu||||| |||| 00| 0 eng d | ||
| 040 | _cLIBRARY | ||
| 082 | _a891.39 AZA | ||
| 100 |
_912314 _aAzad, Abul Kalam |
||
| 245 |
_aQol e faisal _cAzad, Abul Kalam |
||
| 650 |
_912312 _aUrdu literature _xGeneral books |
||
| 942 |
_2ddc _cBK |
||
| 999 |
_c68719 _d68719 |
||